Starting Skills in English:CD/ (Record no. 5211)
[ view plain ]
| 000 -LEADER | |
|---|---|
| fixed length control field | 00898nac a22002171u 4500 |
| 020 ## - INTERNATIONAL STANDARD BOOK NUMBER | |
| International Standard Book Number | 9781859648148 : |
| 082 ## - DEWEY DECIMAL CLASSIFICATION NUMBER | |
| Classification number | 428.24 |
| Item number | PHI |
| 090 ## - LOCALLY ASSIGNED LC-TYPE CALL NUMBER (OCLC); LOCAL CALL NUMBER (OCLC) | |
| -- | 5211 |
| -- | 5211 |
| 100 ## - MAIN ENTRY--PERSONAL NAME | |
| Personal name | Phillips, Terry |
| 245 ## - TITLE STATEMENT | |
| Title | Starting Skills in English:CD/ |
| Remainder of title | Listening & Speaking/ |
| Statement of responsibility, etc | Terry Phillips |
| Number of part/section of a work | part B |
| 260 ## - PUBLICATION, DISTRIBUTION, ETC. (IMPRINT) | |
| Place of publication, distribution, etc | London: |
| Name of publisher, distributor, etc | Garnet Education,2005. |
| Date of publication, distribution, etc | c2005. |
| 500 ## - GENERAL NOTE | |
| General note | Audiovisuals |
| 500 ## - GENERAL NOTE | |
| General note | Distributer: Bacca |
| 511 ## - PARTICIPANT OR PERFORMER NOTE | |
| Participant or performer note | Catalogued by: Sara |
| 650 ## - SUBJECT ADDED ENTRY--TOPICAL TERM | |
| Topical term or geographic name as entry element | English language |
| Form subdivision | Textbooks for foreign speakers |
| 650 ## - SUBJECT ADDED ENTRY--TOPICAL TERM | |
| Topical term or geographic name as entry element | English language |
| Form subdivision | Problems, exercises, etc. |
| General subdivision | Grammar |
| 650 ## - SUBJECT ADDED ENTRY--TOPICAL TERM | |
| Topical term or geographic name as entry element | English language |
| General subdivision | study and teaching for foreign speakers |
| 942 ## - ADDED ENTRY ELEMENTS (KOHA) | |
| Item type | |
| Call number prefix | 428.24PHI |
| Withdrawn status | Item status | Source of classification or shelving scheme | Materials specified (bound volume or other part) | Damaged status | Not for loan | Home library | Current library | Shelving location | Date acquired | Source of acquisition | Total Checkouts | Full call number | Barcode | Date last seen | Koha item type | Vendor | Public note |
|---|---|---|---|---|---|---|---|---|---|---|---|---|---|---|---|---|---|
| Lost | Dewey Decimal Classification | Lost In Inventory_2015-8-23 | Central Library | Central Library | Second Floor | 14/11/2007 | Purchase | 428.24 PHI | 000006470 | 22/10/2007 | CD | DVD - (NB) | ||||||
| Dewey Decimal Classification | Central Library | Central Library | Second Floor | 12/05/2010 | 428.24 PHI | 000006471 | 24/08/2022 | CD | DVD - (NB) | 4CDs |